Labour and industrial laws : (Record no. 4333)

MARC details
000 -LEADER
fixed length control field 00561 a2200181 4500
010 ## - LCCN (DPL NO)
LC control number ENG-86244
020 ## - INTERNATIONAL STANDARD BOOK NUMBER
International Standard Book Number 9788120329850
Terms of availability 475.00
035 ## - SYSTEM CONTROL NUMBER
System control number EN-69777
037 ## - SOURCE OF ACQUISITION
Source of stock number/acquisition DBAD / PUB
082 14 - DEWEY DECIMAL CLASSIFICATION NUMBER
Classification number 344.01
100 ## - MAIN ENTRY--PERSONAL NAME
Personal name Padhi, P.K.
245 1# - TITLE STATEMENT
Title Labour and industrial laws :
Statement of responsibility, etc by P.K. Padhi
Remainder of title text and cases /
260 ## - PUBLICATION, DISTRIBUTION, ETC. (IMPRINT)
Place of publication, distribution, etc New Delhi
Name of publisher, distributor, etc Prentice-Hall of India
Date of publication, distribution, etc 2007
270 ## - ADDRESS
Address M-97, Connaught Circus
City New Delhi
State or province New Delhi
Postal code 110 001
300 ## - PHYSICAL DESCRIPTION
Extent xliv, 884p.
Dimensions 23cm. (Pbk)
500 ## - GENERAL NOTE
General note Includes index
942 ## - ADDED ENTRY ELEMENTS (KOHA)
Institution code [OBSOLETE] dpl
Item type English Books
Source of classification or shelving scheme Dewey Decimal Classification
Classification part 344.01
Call number suffix PAD
Holdings
Withdrawn status Lost status Not for loan Collection code Home library Current library Source of acquisition Cost, normal purchase price Full call number Barcode Copy number Cost, replacement price Koha item type
    Not For Loan Non-fiction D.B.Act.Division D.B.Act.Division DBAD/PUB 475.00 344.01 PAD EN-69777 1 475.00 English Books

© Delhi Public Library
Hit Counter
free hit counter